000 00359nam a2200133Ia 4500
008 240624s9999 xx 000 0 und d
041 _aeng
082 _a658.8343 PEA
100 _aPEARSON BRYAN
245 _aLOYALTY LEAP TURNING CUSTOMER INFORMATIO
260 _c2012
_aNew York
_bPortfolio Penguin
300 _aviii, : 263 : p. : cm. ; 23
365 _c
_b50
999 _c27340
_d27340